|
|
|
|
| LEADER |
00000nam a22000007a 4500 |
| 005 |
20130426141110.0 |
| 007 |
cr|||| |||| |
| 008 |
130426e2012 sp |||||s|||| 00||0 spa d |
| 020 |
|
|
|a 978-84-9031-207-0
|
| 035 |
|
|
|a 7007
|
| 040 |
|
|
|a vLex
|
| 090 |
|
|
|c 4199
|d 4199
|
| 100 |
1 |
0 |
|a Peą Garca̕, Carmen
|
| 245 |
1 |
0 |
|a Retos del Derecho Cann̤ico en la sociedad actual
|b Actas de las XXXI Jornadas de Actualidad Cann̤ica
|c / Carmen Peą Garca̕
|h [Recurso electrn̤ico]
|
| 256 |
|
|
|a Servicio en ln̕ea
|
| 260 |
|
|
|a Madrid :
|b Dykinson,
|c 2012
|
| 300 |
|
|
|a 1 Recurso electrn̤ico
|
| 506 |
|
|
|d vLex Global
|d vLex Global (Academic Edition, excluding Law Schools)
|d vLex Global (U.S. Academic Edition, Law Schools)
|d vLex Global (U.S. Academic Edition, excluding Law Schools)
|d vLex Global (Academic Edition, Law Schools)
|
| 650 |
0 |
4 |
|a Derecho cann̤ico
|
| 740 |
|
|
|a vLex Libros (Servicio en ln̕ea)
|
| 856 |
|
|
|a Acceso restringido
|u http://www.vlex.com/source/7007
|
| 942 |
|
|
|c BOOK
|
| 999 |
|
0 |
|a Canon law
|